Coniugazione verbo avere - Statistics

Statistiche generali
  • Questo quiz è stato fatto 216 volte
  • Il punteggio medio è 42 su 47
Statistiche sulle risposte
Indicativo % Corretto
Presente abbi
99%
Presente Che Io abbia
99%
Che Tu abbia
99%
Che Lui abbia
99%
Noi abbiamo
99%
Che Noi abbiamo
99%
abbiamo
99%
Lui ha
99%
Tu hai
99%
Presente Io ho
99%
Voi avete
98%
Loro hanno
98%
Che Loro abbiano
91%
Lui aveva
91%
Noi avevamo
91%
Loro avevano
91%
Che Voi abbiate
90%
abbiate
90%
Voi avevate
90%
Tu avevi
90%
Imperfetto Io avevo
90%
Lui avrà
90%
Futuro Semplice Io avrò
90%
Voi aveste
89%
Che Voi aveste
89%
Tu avrai
89%
Voi avrete
89%
Loro avranno
88%
Noi avremo
88%
Tu avesti
87%
Passato remoto Io ebbi
87%
Noi avemmo
86%
Voi avreste
86%
Lui ebbe
86%
Noi avremmo
85%
Loro ebbero
85%
Lui avrebbe
83%
Presente Io avrei
83%
Tu avresti
83%
Loro avrebbero
82%
Passato avuto
79%
Che Lui avesse
78%
Imperfetto Che Io avessi
78%
Che Tu avessi
78%
Che Noi avessimo
77%
Che Loro avessero
76%
Presente avente
67%
Nessun quiz corrispondente trovato
Distribuzione punteggi
Percentuale di utenti per punteggio
Percentile per numero di risposta
I tuoi punteggi nel tempo
Non hai fatto questo quiz